[Event "Oberliga Wuerttemberg 2324"]
[Site "Wuerttemberg"]
[Date "2024.03.03"]
[Round "7.6"]
[White "Nagelsdiek, Michael"]
[Black "Buran, Jaroslav"]
[Result "0-1"]
[WhiteElo "2033"]
[BlackElo "1987"]
[PlyCount "72"]
[EventDate "2023.09.17"]
[EventType "team-tourn"]
[EventRounds "9"]
[EventCountry "GER"]
[SourceTitle "EXT 2025"]
[Source "ChessBase"]
[SourceDate "2024.10.14"]
[SourceVersion "1"]
[SourceVersionDate "2024.10.14"]
[SourceQuality "1"]
[WhiteTeam "Pfullingen"]
[BlackTeam "Schwaebisch Hall"]
[WhiteTeamCountry "GER"]
[BlackTeamCountry "GER"]

1. c4 e6 2. g3 d5 3. Bg2 Nf6 4. Nf3 c5 5. 0-0 Nc6 6. b3 Be7 7. e3 0-0 8. Qe2 b6 9. d3 Bb7 10. Nc3 Re8 11. Bb2 Bf8 12. Rad1 a6 13. a3 Qc7 14. cxd5 exd5 15. d4 cxd4 16. Nxd4 Nxd4 17. Rxd4 Bxa3 18. Nxd5 Nxd5 19. Bxa3 Nc3 20. Qd3 Bxg2 21. Kxg2 Qc6+ 22. Kg1 Nb5 23. Rc4 Qf6 24. Bc1 Rad8 25. Qc2 Qg6 26. Qa2 Qd3 27. Bb2 Qe2 28. Qa1 f6 29. Re1 Qd3 30. Rg4 h5 31. Rh4 Nd6 32. Rxh5 Ne4 33. Bd4 Nd2 34. Rd1 Nf3+ 35. Kg2 Qe4 36. Kf1 Nxd4 0-1

[Event "Zlin Region-chT 2324"]
[Site "Czech Republic"]
[Date "2024.01.07"]
[Round "5.2"]
[White "Vratny, Radim"]
[Black "Buran, Jaroslav"]
[Result "1-0"]
[WhiteElo "2044"]
[BlackElo "1979"]
[PlyCount "71"]
[EventDate "2023.10.22"]
[EventType "team-tourn"]
[EventRounds "11"]
[EventCountry "CZE"]
[SourceTitle "EXT 2025"]
[Source "ChessBase"]
[SourceDate "2024.10.14"]
[SourceVersion "1"]
[SourceVersionDate "2024.10.14"]
[SourceQuality "1"]
[WhiteTeam "Francova Lhota Sokol"]
[BlackTeam "Vlcnov "]
[WhiteTeamCountry "CZE"]
[BlackTeamCountry "CZE"]

1. e4 c6 2. d4 d5 3. Nc3 dxe4 4. Nxe4 Bf5 5. Ng3 Bg6 6. Nf3 Nd7 7. h4 h6 8. h5 Bh7 9. Bd3 Bxd3 10. Qxd3 Ngf6 11. Bd2 e6 12. Qe2 Be7 13. 0-0-0 Qc7 14. Ne5 c5 15. Nxd7 Qxd7 16. dxc5 Qa4 17. Kb1 Qc6 18. f3 Bxc5 19. Bc3 Be7 20. Ne4 Nxe4 21. fxe4 0-0 22. Rh3 Bg5 23. Rhd3 Rac8 24. Rd6 Qc5 25. a4 Rc7 26. Rd7 Rfc8 27. Qf3 f6 28. Qd3 Qc6 29. Rxc7 Rxc7 30. Qd8+ Kh7 31. Rd6 Qc4 32. Qe8 Qf1+ 33. Ka2 Qc4+ 34. b3 Qxe4 35. Rd8 Qxc2+ 36. Bb2 1-0

[Event "Oberliga Wuerttemberg 2223"]
[Site "Wuerttemberg"]
[Date "2023.05.07"]
[Round "9.6"]
[White "Buran, Jaroslav"]
[Black "Eisele, Steffen"]
[Result "1/2-1/2"]
[WhiteElo "2015"]
[BlackElo "2234"]
[PlyCount "39"]
[EventDate "2022.09.18"]
[EventType "team-tourn"]
[EventRounds "9"]
[EventCountry "GER"]
[SourceTitle "EXT 2025"]
[Source "ChessBase"]
[SourceDate "2024.10.14"]
[SourceVersion "1"]
[SourceVersionDate "2024.10.14"]
[SourceQuality "1"]
[WhiteTeam "Schwaebisch Hall"]
[BlackTeam "Schmiden/Cannstatt"]
[WhiteTeamCountry "GER"]
[BlackTeamCountry "GER"]

1. d4 g6 2. Nf3 Bg7 3. e4 d6 4. h3 Nf6 5. Bd3 0-0 6. 0-0 Nc6 7. c3 e5 8. dxe5 Nxe5 9. Nxe5 dxe5 10. Bg5 h6 11. Bh4 Re8 12. Na3 g5 13. Bg3 Nh5 14. Bb5 Qxd1 15. Raxd1 c6 16. Be2 Nf4 17. Bg4 Bxg4 18. hxg4 Rad8 19. Nc4 Nd3 20. b4 1/2-1/2

[Event "Oberliga Wuerttemberg 2223"]
[Site "Wuerttemberg"]
[Date "2022.09.18"]
[Round "1.5"]
[White "Buran, Jaroslav"]
[Black "Wunder, Niklas"]
[Result "1/2-1/2"]
[WhiteElo "2015"]
[BlackElo "2045"]
[PlyCount "62"]
[EventDate "2022.09.18"]
[EventType "team-tourn"]
[EventRounds "9"]
[EventCountry "GER"]
[SourceTitle "EXT 2025"]
[Source "ChessBase"]
[SourceDate "2024.10.14"]
[SourceVersion "1"]
[SourceVersionDate "2024.10.14"]
[SourceQuality "1"]
[WhiteTeam "Schwaebisch Hall"]
[BlackTeam "Biberach"]
[WhiteTeamCountry "GER"]
[BlackTeamCountry "GER"]

1. Nf3 d5 2. d4 Nf6 3. c4 c6 4. Nbd2 Bf5 5. Nh4 Be4 6. f3 Bg6 7. e3 e6 8. Qb3 Qb6 9. g3 Qxb3 10. Nxb3 Bc2 11. cxd5 cxd5 12. Bb5+ Nbd7 13. g4 g5 14. Ng2 h5 15. gxh5 a6 16. Bxd7+ Nxd7 17. Bd2 Bd6 18. Kf2 Rxh5 19. h4 gxh4 20. Rxh4 Rxh4 21. Nxh4 Ke7 22. Na5 Rg8 23. Rg1 Rxg1 24. Kxg1 Bg3 25. Ng2 b6 26. Nc6+ Kf6 27. Nb4 Bb1 28. Nxa6 Bxa2 29. Be1 Bd6 30. Bb4 Bg3 31. Be1 Bd6 1/2-1/2

[Event "Pardubice Czech op-E 33rd"]
[Site "Pardubice"]
[Date "2022.07.17"]
[Round "6.2"]
[White "Soural, Jan"]
[Black "Buran, Jaroslav"]
[Result "1/2-1/2"]
[WhiteElo "2119"]
[BlackElo "2038"]
[PlyCount "27"]
[EventDate "2022.07.14"]
[EventType "team-swiss"]
[EventRounds "7"]
[EventCountry "CZE"]
[SourceTitle "CBM 209 Extra"]
[Source "ChessBase"]
[SourceDate "2022.09.30"]
[SourceVersion "1"]
[SourceVersionDate "2022.09.30"]
[SourceQuality "1"]
[WhiteTeam "Pankrac"]
[BlackTeam "Naplech Team"]
[WhiteTeamCountry "CZE"]
[BlackTeamCountry "CZE"]

1. d4 Nf6 2. c4 c5 3. d5 d6 4. Nc3 e5 5. e4 Be7 6. h3 Nbd7 7. Nf3 Nf8 8. Bd3 Ng6 9. g3 a6 10. a4 b6 11. Bd2 Bd7 12. Qb1 Rb8 13. Ng1 Qc8 14. b3 1/2-1/2

[Event "CZE-chT1E 2122"]
[Site "Czech Republic"]
[Date "2021.11.27"]
[Round "3.3"]
[White "Buran, Jaroslav"]
[Black "Bures, Vit"]
[Result "1/2-1/2"]
[WhiteElo "2084"]
[BlackElo "2110"]
[PlyCount "29"]
[EventDate "2021.10.09"]
[EventType "team-tourn"]
[EventRounds "11"]
[EventCountry "CZE"]
[SourceTitle "EXT 2023"]
[Source "ChessBase"]
[SourceDate "2022.10.05"]
[SourceVersion "1"]
[SourceVersionDate "2022.10.05"]
[SourceQuality "1"]
[WhiteTeam "Vlcnov"]
[BlackTeam "Brno Moravska Slavia II"]
[WhiteTeamCountry "CZE"]
[BlackTeamCountry "CZE"]

1. Nf3 d5 2. d4 Nf6 3. c4 c6 4. Qc2 dxc4 5. Qxc4 Bf5 6. g3 e6 7. Bg2 Nbd7 8. 0-0 Be7 9. Nc3 0-0 10. Qb3 Qb6 11. Qa4 h6 12. Nd2 e5 13. dxe5 Ng4 14. Qf4 Be6 15. Nc4 1/2-1/2

[Event "SVK-ch rapid"]
[Site "Topolcany"]
[Date "2020.07.11"]
[Round "7"]
[White "Buran, Jaroslav"]
[Black "Nikanova, Ekaterina"]
[Result "1/2-1/2"]
[WhiteElo "2216"]
[BlackElo "1977"]
[PlyCount "35"]
[EventDate "2020.07.11"]
[EventType "swiss (rapid)"]
[EventRounds "9"]
[EventCountry "SVK"]
[SourceTitle "CBM 197 Extra"]
[Source "ChessBase"]
[SourceDate "2020.09.30"]
[SourceVersion "1"]
[SourceVersionDate "2020.09.30"]
[SourceQuality "1"]

1. d4 d6 2. c4 e5 3. Nf3 e4 4. Ng5 f5 5. Nc3 h6 6. Nh3 Nf6 7. Nf4 g5 8. Ng6 Rg8 9. Nxf8 Rxf8 10. h4 Rg8 11. hxg5 hxg5 12. f3 c6 13. fxe4 fxe4 14. Qc2 Bf5 15. e3 Nbd7 16. Be2 Qe7 17. Bd2 0-0-0 18. 0-0-0 1/2-1/2

[Event "SVK-ch rapid"]
[Site "Topolcany"]
[Date "2020.07.11"]
[Round "5"]
[White "Buran, Jaroslav"]
[Black "Stevik, Patrik1"]
[Result "1-0"]
[WhiteElo "2216"]
[BlackElo "1866"]
[PlyCount "63"]
[EventDate "2020.07.11"]
[EventType "swiss (rapid)"]
[EventRounds "9"]
[EventCountry "SVK"]
[SourceTitle "CBM 197 Extra"]
[Source "ChessBase"]
[SourceDate "2020.09.30"]
[SourceVersion "1"]
[SourceVersionDate "2020.09.30"]
[SourceQuality "1"]

1. d4 Nf6 2. Nf3 e6 3. Bg5 Be7 4. e3 d5 5. c3 Nbd7 6. Bd3 c5 7. Nbd2 b6 8. 0-0 0-0 9. a4 h6 10. Bh4 a5 11. Qe2 Bb7 12. Ne5 Nxe5 13. dxe5 Ne8 14. Bg3 d4 15. exd4 cxd4 16. cxd4 Qxd4 17. Nf3 Qb4 18. Rfc1 Bd5 19. Qd2 Qg4 20. Qf4 Bxf3 21. gxf3 Qh5 22. Qe4 g6 23. Qxa8 Nf6 24. Qb7 Nd5 25. Be4 Bc5 26. Bxd5 exd5 27. Qxd5 Rc8 28. Kg2 Qg5 29. Rd1 h5 30. e6 Qxd5 31. Rxd5 fxe6 32. Rd7 1-0

[Event "SVK-ch rapid"]
[Site "Topolcany"]
[Date "2020.07.11"]
[Round "4"]
[White "Zetocha, Adrian"]
[Black "Buran, Jaroslav"]
[Result "1-0"]
[WhiteElo "1982"]
[BlackElo "2216"]
[PlyCount "123"]
[EventDate "2020.07.11"]
[EventType "swiss (rapid)"]
[EventRounds "9"]
[EventCountry "SVK"]
[SourceTitle "CBM 197 Extra"]
[Source "ChessBase"]
[SourceDate "2020.09.30"]
[SourceVersion "1"]
[SourceVersionDate "2020.09.30"]
[SourceQuality "1"]

1. d4 c5 2. d5 e5 3. dxe6 fxe6 4. c4 Nf6 5. Nc3 d5 6. cxd5 exd5 7. Nf3 d4 8. Nb1 Nc6 9. g3 Bd6 10. Bg2 0-0 11. 0-0 Qe7 12. Nbd2 Bf5 13. Nc4 Bb8 14. a4 Nb4 15. Bd2 Nbd5 16. Re1 Be4 17. Qb3 Kh8 18. Bg5 h6 19. Bxf6 Nxf6 20. Rad1 Qe6 21. e3 Bd5 22. exd4 Bxc4 23. Qxb7 Bd5 24. Qxa8 Qxe1+ 25. Nxe1 Bxa8 26. Bxa8 cxd4 27. Bf3 Rd8 28. Nd3 a5 29. Rc1 Bd6 30. Kf1 Rb8 31. Rc4 Nd7 32. Rxd4 Ne5 33. Rxd6 Nxf3 34. h4 Nd2+ 35. Ke2 Nc4 36. Rd5 Nxb2 37. Nxb2 Rxb2+ 38. Kf3 Rb3+ 39. Kg2 Ra3 40. Rxa5 Kh7 41. h5 Ra2 42. Ra7 Ra3 43. f4 Ra2+ 44. Kh3 Ra3 45. f5 Kh8 46. a5 Kg8 47. a6 Kh8 48. Kh4 Ra4+ 49. g4 Kg8 50. Kg3 Kh8 51. Ra8+ Kh7 52. a7 Ra6 53. Kf4 Ra5 54. g5 Ra4+ 55. Ke5 hxg5 56. h6 Ra5+ 57. Ke6 Ra6+ 58. Ke7 g4 59. hxg7 Kxg7 60. f6+ Rxf6 61. Rg8+ Kxg8 62. Kxf6 1-0

[Event "Stare Mesto op"]
[Site "Stare Mesto"]
[Date "2019.08.23"]
[Round "7"]
[White "Buran, Jaroslav"]
[Black "Sikora, Matous"]
[Result "1/2-1/2"]
[WhiteElo "2115"]
[BlackElo "2032"]
[PlyCount "26"]
[EventDate "2019.08.17"]
[EventType "swiss"]
[EventRounds "9"]
[EventCountry "CZE"]
[SourceTitle "EXT 2020"]
[Source "ChessBase"]
[SourceDate "2019.10.17"]
[SourceVersion "1"]
[SourceVersionDate "2019.10.17"]
[SourceQuality "1"]

1. Nf3 Nf6 2. d4 e6 3. c3 Be7 4. Bf4 0-0 5. Nbd2 d6 6. e4 c5 7. dxc5 dxc5 8. Qc2 b6 9. Bd3 Ba6 10. c4 Nc6 11. a3 Nh5 12. g3 g5 13. Be3 g4 1/2-1/2

[Event "Vlcnov Oharka Memorial"]
[Site "Vlcnov"]
[Date "2018.12.26"]
[Round "4"]
[White "Abel, Peter"]
[Black "Buran, Jaroslav"]
[Result "1-0"]
[WhiteElo "2216"]
[BlackElo "2212"]
[PlyCount "33"]
[EventDate "2018.12.26"]
[EventType "swiss"]
[EventRounds "9"]
[EventCountry "CZE"]
[SourceTitle "CBM 188 Extra"]
[Source "ChessBase"]
[SourceDate "2019.02.28"]
[SourceVersion "1"]
[SourceVersionDate "2019.02.28"]
[SourceQuality "1"]

1. c4 Nf6 2. Nc3 e6 3. e4 d5 4. e5 d4 5. exf6 dxc3 6. fxg7 cxd2+ 7. Bxd2 Bxg7 8. Qc2 Nc6 9. Nf3 e5 10. Bd3 Bg4 11. Be4 Qd7 12. 0-0-0 Nd4 13. Nxd4 Bxd1 14. Rxd1 exd4 15. Bb4 c5 16. Bxc5 Rc8 17. Bf5 1-0

[Event "CZE-chT2E 1718"]
[Site "Czech Republic"]
[Date "2017.11.19"]
[Round "3.3"]
[White "Cagasik, Tomas"]
[Black "Buran, Jaroslav"]
[Result "0-1"]
[WhiteElo "2211"]
[BlackElo "2140"]
[PlyCount "88"]
[EventDate "2017.10.15"]
[EventType "team-tourn"]
[EventRounds "11"]
[EventCountry "CZE"]
[SourceTitle "EXT 2022"]
[Source "ChessBase"]
[SourceDate "2021.10.06"]
[SourceVersion "1"]
[SourceVersionDate "2021.10.06"]
[SourceQuality "1"]
[WhiteTeam "Kromeriz Slavia II"]
[BlackTeam "Vlcnov"]
[WhiteTeamCountry "CZE"]
[BlackTeamCountry "CZE"]

1. d4 c5 2. dxc5 e6 3. Nc3 Bxc5 4. Ne4 Nf6 5. Nxc5 Qa5+ 6. c3 Qxc5 7. Be3 Qc7 8. Qd4 Nc6 9. Qh4 b5 10. Bg5 Nd5 11. e4 Nde7 12. Bxe7 Nxe7 13. Qg5 Ng6 14. Qxb5 Rb8 15. Qe2 0-0 16. Qc2 f5 17. exf5 Rxf5 18. Nf3 Nf4 19. 0-0-0 Bb7 20. Nd4 Ra5 21. b4 Re5 22. Nb5 Qb6 23. Qd2 Nd5 24. Qd4 Qxd4 25. Rxd4 Re1+ 26. Rd1 Rxd1+ 27. Kxd1 a6 28. Nd6 Nxc3+ 29. Kd2 Nxa2 30. b5 axb5 31. Bxb5 Bxg2 32. Ra1 Bd5 33. Bc4 Rb6 34. Bxd5 Rxd6 35. Rxa2 Rxd5+ 36. Ke3 Kf7 37. f4 Kf6 38. Ke4 Rb5 39. Ra7 d5+ 40. Kf3 Rb2 41. h4 h5 42. Ra3 Rh2 43. Kg3 Rh1 44. Re3 Rg1+ 0-1

[Event "Banska Stiavnica V4 op"]
[Site "Banska Stiavnica"]
[Date "2017.07.14"]
[Round "7"]
[White "Movsesian, Julia"]
[Black "Buran, Jaroslav"]
[Result "1-0"]
[WhiteElo "2300"]
[BlackElo "2179"]
[PlyCount "49"]
[EventDate "2017.07.08"]
[EventType "swiss"]
[EventRounds "9"]
[EventCountry "SVK"]
[SourceTitle "CBM 179 Extra"]
[Source "ChessBase"]
[SourceDate "2017.08.23"]
[SourceVersion "1"]
[SourceVersionDate "2017.08.23"]
[SourceQuality "1"]

1. Nf3 d5 2. g3 c6 3. Bg2 Bf5 4. c4 e6 5. cxd5 exd5 6. 0-0 Be7 7. d3 h6 8. Qb3 Qb6 9. Qc2 Nf6 10. Nc3 0-0 11. Be3 Qd8 12. Qb3 Qd7 13. Rac1 Ng4 14. Bd4 c5 15. Nxd5 Be6 16. Ne5 Nxe5 17. Bxe5 Nc6 18. Nxe7+ Qxe7 19. Qc3 f6 20. Bxc6 bxc6 21. Bf4 Bxa2 22. Rc2 Qe6 23. Qxc5 Bb3 24. Rc3 Rfc8 25. Qa3 1-0